000 00201 a2200097 4500
001 42990
100 _aGeiger
245 _aAlpine pilot
260 _aLondon
_bCassell co ltd
_c
090 _c26866
_d26866
942 _aNUST-CAE
_cM
_c18742
999 _c278063
_d278063